[Event "CYCC U12"]
[Site "Vancouver CAN"]
[Date "2012.07.04"]
[Round "4"]
[White "Bellissimo, Joseph"]
[Black "Song, Ziyuan"]
[Result "1-0"]
[WhiteElo "2056"]
[BlackElo "2042"]
[PlyCount "77"]
[GameId "2160767909508722"]
[EventDate "2012.07.03"]
[EventType "swiss"]
[EventRounds "7"]
[EventCountry "CAN"]
[SourceTitle "EXT 2022"]
[Source "ChessBase"]
[SourceDate "2021.10.06"]
[SourceVersion "1"]
[SourceVersionDate "2021.10.06"]
[SourceQuality "1"]

1. e4 c5 2. c3 d5 3. exd5 Qxd5 4. d4 cxd4 5. cxd4 Nf6 6. Nc3 Qd8 7. Nf3 e6 8. Bf4 Nd5 9. Bxb8 Rxb8 10. Bc4 Nb6 11. Bd3 Bd6 12. O-O O-O 13. Nb5 a6 14. Nxd6 Qxd6 15. Re1 g6 16. Qd2 Kg7 17. Re4 h6 18. Rh4 Rh8 19. Ne5 Nd7 20. Rxh6 Nxe5 21. Rxh8 Kxh8 22. dxe5 Qxe5 23. Re1 Qf6 24. Re3 e5 25. Qc3 Be6 26. Rxe5 Rc8 27. Rh5+ Kg7 28. Rh7+ Kxh7 29. Qxf6 Rc1+ 30. Bf1 Bc4 31. Qh4+ Kg7 32. Qxc4 Rxc4 33. Bxc4 b5 34. Bd5 Kf6 35. b4 Ke5 36. Bb7 Kd4 37. Bxa6 Kc4 38. a4 Kxb4 39. Bxb5 1-0

[Event "CYCC U12"]
[Site "Vancouver CAN"]
[Date "2012.07.04"]
[Round "4"]
[White "Brewster, Paula"]
[Black "Knox, Nathaniel"]
[Result "0-1"]
[WhiteElo "1341"]
[BlackElo "1177"]
[PlyCount "105"]
[GameId "2160767909508723"]
[EventDate "2012.07.03"]
[EventType "swiss"]
[EventRounds "7"]
[EventCountry "CAN"]
[SourceTitle "EXT 2022"]
[Source "ChessBase"]
[SourceDate "2021.10.06"]
[SourceVersion "1"]
[SourceVersionDate "2021.10.06"]
[SourceQuality "1"]

1. d4 Nf6 2. Bf4 g6 3. Nf3 Bg7 4. Nc3 O-O 5. Qd2 d6 6. Bh6 c5 7. Bxg7 Kxg7 8. e3 Nc6 9. Be2 Qb6 10. Na4 Qb4 11. Qxb4 Nxb4 12. O-O Bd7 13. Nc3 Nxc2 14. Rac1 Nb4 15. a3 Nc6 16. Rfd1 cxd4 17. Nxd4 Nxd4 18. Rxd4 Rac8 19. Rcd1 Rc5 20. Nd5 Nxd5 21. Rxd5 Rc2 22. R5d2 Rfc8 23. h3 Ba4 24. Rxc2 Rxc2 25. Rd4 Bc6 26. Bc4 Rxb2 27. Rf4 d5 28. Bd3 e5 29. Rb4 Rd2 30. Bb5 Bxb5 31. Rxb5 b6 32. e4 Rd1+ 33. Kh2 d4 34. Rxe5 d3 35. Rd5 d2 36. Kg3 a5 37. Kf3 Ra1 38. Rxd2 Rxa3+ 39. Ke2 b5 40. Rd5 b4 41. Rb5 Kf6 42. f4 Ke6 43. Kd2 Kd6 44. Kc2 Rc3+ 45. Kb2 Rc5 46. Rb6+ Kc7 47. Rf6 a4 48. Rxf7+ Kb6 49. e5 Rc3 50. Rf6+ Kb5 51. Rf7 a3+ 52. Ka2 Rc2+ 53. Kb3 0-1

[Event "CYCC U12"]
[Site "Vancouver CAN"]
[Date "2012.07.04"]
[Round "4"]
[White "Cao, Jason"]
[Black "Chen, Richard"]
[Result "1-0"]
[WhiteElo "2031"]
[BlackElo "1880"]
[PlyCount "87"]
[GameId "2160767909508724"]
[EventDate "2012.07.03"]
[EventType "swiss"]
[EventRounds "7"]
[EventCountry "CAN"]
[SourceTitle "EXT 2022"]
[Source "ChessBase"]
[SourceDate "2021.10.06"]
[SourceVersion "1"]
[SourceVersionDate "2021.10.06"]
[SourceQuality "1"]

1. e4 c5 2. Nf3 Nc6 3. Bb5 Nf6 4. d3 g6 5. O-O Bg7 6. Nbd2 O-O 7. Re1 a6 8. Bxc6 dxc6 9. Nf1 Qc7 10. Ng3 e5 11. b3 Be6 12. Bb2 Nd7 13. h3 h6 14. Qd2 Rad8 15. Qe3 Rfe8 16. Bc3 b5 17. a4 b4 18. Bb2 a5 19. Rad1 Qb6 20. Ba1 Qa7 21. Kh1 Qb6 22. Nd2 Nf8 23. f4 Qc7 24. f5 gxf5 25. exf5 Bd5 26. Qxc5 Nd7 27. Qf2 c5 28. Nde4 f6 29. Bb2 Qc6 30. Nh5 Re7 31. Qh4 Kh7 32. Bc1 Rh8 33. Re3 Kg8 34. Rde1 Kf8 35. Rg3 Bxe4 36. Rxe4 Rh7 37. Nxg7 Rexg7 38. Bxh6 Kf7 39. Qh5+ Kg8 40. Qe8+ Nf8 41. Rxg7+ Rxg7 42. Qxc6 Rf7 43. Bxf8 Rxf8 44. Rg4+ 1-0

[Event "CYCC U12"]
[Site "Vancouver CAN"]
[Date "2012.07.04"]
[Round "4"]
[White "Cheung, Lukas"]
[Black "Xu, Jeffrey"]
[Result "0-1"]
[WhiteElo "1429"]
[BlackElo "1832"]
[PlyCount "158"]
[GameId "2160767909508725"]
[EventDate "2012.07.03"]
[EventType "swiss"]
[EventRounds "7"]
[EventCountry "CAN"]
[SourceTitle "EXT 2022"]
[Source "ChessBase"]
[SourceDate "2021.10.06"]
[SourceVersion "1"]
[SourceVersionDate "2021.10.06"]
[SourceQuality "1"]

1. e4 e6 2. d4 d5 3. exd5 exd5 4. Nf3 Bd6 5. Nc3 c6 6. Bd3 Nf6 7. Bg5 h6 8. Bxf6 Qxf6 9. O-O O-O 10. h3 Nd7 11. Re1 Rd8 12. Ne2 Nf8 13. c4 dxc4 14. Bxc4 Bxh3 15. gxh3 Qxf3 16. Ng3 Qf6 17. Ne4 Qf4 18. Nxd6 Rxd6 19. Rc1 Rad8 20. Rc3 Rg6+ 21. Kf1 Qh2 22. Rf3 Rg1+ 23. Ke2 Rxe1+ 24. Kxe1 Qh1+ 25. Bf1 Ne6 26. Rg3 Qe4+ 27. Re3 Qxd4 28. Qc2 Qb4+ 29. Rc3 Re8 30. Kd1 Ng5 31. a3 Qa5 32. b4 Qd5+ 33. Bd3 Ne4 34. Rc4 Nxf2+ 35. Kd2 Rd8 36. Rc3 Ne4+ 37. Ke2 Nxc3+ 38. Qxc3 Qg2+ 39. Ke1 Re8+ 40. Kd1 Qf3+ 41. Kc2 Qf2+ 42. Kb3 Qf6 43. Qc2 Re3 44. Ka2 Qe6+ 45. Bc4 Qe4 46. Qc1 Qg2+ 47. Kb1 Qf2 48. Qc2 Qxc2+ 49. Kxc2 Rxh3 50. a4 Kf8 51. a5 Rh4 52. Bd3 Rxb4 53. a6 b6 54. Kc3 Rh4 55. Kd2 Rd4 56. Ke3 Rxd3+ 57. Kxd3 h5 58. Ke3 c5 59. Kf3 c4 60. Ke3 h4 61. Kf3 c3 62. Ke3 h3 63. Kd3 h2 64. Kxc3 h1=Q 65. Kd4 Qh5 66. Ke4 Qg5 67. Kd4 Qe7 68. Kd5 Qe6+ 69. Kd4 Qf5 70. Ke3 Qg4 71. Kf2 Qe4 72. Kg3 Qf5 73. Kh4 Qg6 74. Kh3 Ke7 75. Kh4 Ke6 76. Kh3 Kf5 77. Kh2 Kf4 78. Kh1 Kf3 79. Kh2 Qg2# 0-1

[Event "CYCC U12"]
[Site "Vancouver CAN"]
[Date "2012.07.04"]
[Round "4"]
[White "D'Amore, Tyler"]
[Black "Li, Kevin1"]
[Result "1/2-1/2"]
[WhiteElo "822"]
[BlackElo "725"]
[PlyCount "48"]
[GameId "2160767909508726"]
[EventDate "2012.07.03"]
[EventType "swiss"]
[EventRounds "7"]
[EventCountry "CAN"]
[SourceTitle "EXT 2022"]
[Source "ChessBase"]
[SourceDate "2021.10.06"]
[SourceVersion "1"]
[SourceVersionDate "2021.10.06"]
[SourceQuality "1"]

1. e3 e6 2. Qf3 d5 3. Nh3 c5 4. Qf4 Nc6 5. Ng5 f6 6. Nh3 Bd6 7. Qf3 Nge7 8. Qh5+ g6 9. Qh6 d4 10. Bb5 Bd7 11. Bxc6 Bxc6 12. O-O Bc7 13. Qg7 Rg8 14. Qxh7 Qd6 15. g3 O-O-O 16. b3 Qd5 17. f3 Nf5 18. Nf4 Qd6 19. Qh3 e5 20. Nxg6 Rxg6 21. Qxf5+ Kb8 22. Qxg6 Rh8 23. Qg7 Rh3 24. Qg8+ Bd8 1/2-1/2

[Event "CYCC U12"]
[Site "Vancouver CAN"]
[Date "2012.07.04"]
[Round "4"]
[White "Dawson, Jeffrey"]
[Black "Chen, Daniel1"]
[Result "1/2-1/2"]
[WhiteElo "1224"]
[BlackElo "1055"]
[PlyCount "138"]
[GameId "2160767909508727"]
[EventDate "2012.07.03"]
[EventType "swiss"]
[EventRounds "7"]
[EventCountry "CAN"]
[SourceTitle "EXT 2022"]
[Source "ChessBase"]
[SourceDate "2021.10.06"]
[SourceVersion "1"]
[SourceVersionDate "2021.10.06"]
[SourceQuality "1"]

1. c4 e5 2. Nc3 Nf6 3. g3 Bb4 4. Bg2 Nc6 5. e3 d6 6. Nge2 Bf5 7. O-O Bd3 8. Nd5 Bxc4 9. Nxb4 Nxb4 10. Qa4+ b5 11. Qxb4 Bxe2 12. Re1 c5 13. Qc3 Bc4 14. Bxa8 Qxa8 15. d3 Be6 16. e4 O-O 17. Bg5 Ne8 18. Be7 Bh3 19. Bxf8 Kxf8 20. Rac1 b4 21. Qc4 Qd8 22. Re3 Qg5 23. Qb3 Nf6 24. a3 Ng4 25. Ree1 Qf6 26. f4 exf4 27. gxf4 Qxf4 28. Qc2 Ne5 29. Re2 Nxd3 30. Rd1 Qg5+ 31. Kh1 Nf4 32. Rg1 Qh4 33. Rd2 Qf6 34. axb4 cxb4 35. Qc6 Ng6 36. Qxd6+ Qxd6 37. Rxd6 Be6 38. Ra1 Ke7 39. Rd4 Kf6 40. Rxb4 Ne5 41. Rxa7 Nc6 42. e5+ Kf5 43. Rba4 Nxa7 44. Rxa7 Kxe5 45. b4 Kd4 46. Ra1 Kc4 47. Rb1 Bd7 48. Kg2 Kc3 49. b5 Bf5 50. Rf1 Be4+ 51. Kg3 f5 52. b6 Kd4 53. Rf2 Ke5 54. Rb2 Bb7 55. Rb5+ Kd6 56. Kf4 Kc6 57. Rb1 Bc8 58. Ke5 Kb7 59. Kd6 f4 60. Kc5 Bd7 61. Rf1 g5 62. Kd6 Bc6 63. Kc5 f3 64. h3 h5 65. Kd4 g4 66. hxg4 hxg4 67. Ke3 Kxb6 68. Kf2 Kc7 69. Kg3 Bd7 1/2-1/2

[Event "CYCC U12"]
[Site "Vancouver CAN"]
[Date "2012.07.04"]
[Round "4"]
[White "Gedajlovic, Max"]
[Black "Jayaweera, Lahiru"]
[Result "1-0"]
[WhiteElo "1695"]
[BlackElo "1125"]
[PlyCount "57"]
[GameId "2160767909508728"]
[EventDate "2012.07.03"]
[EventType "swiss"]
[EventRounds "7"]
[EventCountry "CAN"]
[SourceTitle "EXT 2022"]
[Source "ChessBase"]
[SourceDate "2021.10.06"]
[SourceVersion "1"]
[SourceVersionDate "2021.10.06"]
[SourceQuality "1"]

1. d4 d5 2. c4 c6 3. Nf3 Nf6 4. Nc3 dxc4 5. a4 Bf5 6. e3 e6 7. Bxc4 Bd6 8. Qe2 Bg6 9. e4 Bc7 10. d5 e5 11. O-O O-O 12. Rd1 Qe7 13. b3 Bd6 14. Bg5 h6 15. Bxf6 Qxf6 16. dxc6 Nxc6 17. Nd5 Qd8 18. Ra2 Qb8 19. Rad2 Rd8 20. Nh4 Bh7 21. Qg4 Kh8 22. Nf5 Bxf5 23. Qxf5 Rf8 24. Nf6 gxf6 25. Qxf6+ Kh7 26. Rxd6 Kg8 27. Qg6+ Kh8 28. Qxh6+ Kg8 29. Rg6# 1-0

[Event "CYCC U12"]
[Site "Vancouver CAN"]
[Date "2012.07.04"]
[Round "4"]
[White "Goldblatt, Taylor"]
[Black "Chen, Harrison"]
[Result "0-1"]
[WhiteElo "426"]
[BlackElo "988"]
[PlyCount "118"]
[GameId "2160767909508729"]
[EventDate "2012.07.03"]
[EventType "swiss"]
[EventRounds "7"]
[EventCountry "CAN"]
[SourceTitle "EXT 2022"]
[Source "ChessBase"]
[SourceDate "2021.10.06"]
[SourceVersion "1"]
[SourceVersionDate "2021.10.06"]
[SourceQuality "1"]

1. e4 e5 2. d4 Nc6 3. Nf3 d6 4. Bb5 a6 5. Ba4 b5 6. Bb3 Bg4 7. h3 Bxf3 8. Qxf3 Nf6 9. Bg5 Be7 10. Bxf6 Bxf6 11. Bd5 Nxd4 12. Qc3 Rc8 13. Bb7 Rb8 14. Bxa6 O-O 15. Na3 Qd7 16. O-O b4 17. Qg3 bxa3 18. bxa3 Nxc2 19. Rab1 Rxb1 20. Rxb1 Nd4 21. Qc3 Ra8 22. Qb4 h6 23. Bb5 Nxb5 24. Qxb5 Qxb5 25. Rxb5 Rxa3 26. Rb8+ Kh7 27. Rb7 Rxa2 28. Rxc7 Ra1+ 29. Kh2 Kg6 30. Rd7 Bh4 31. g3 Bg5 32. Rxd6+ f6 33. h4 Bc1 34. Rd1 Bb2 35. Rd2 Bc3 36. Rc2 Bd4 37. f3 Bg1+ 38. Kh3 Bd4 39. Kg4 h5+ 40. Kh3 Rh1+ 41. Rh2 Rxh2+ 42. Kxh2 f5 43. Kg2 fxe4 44. fxe4 Kf6 45. Kf3 g5 46. hxg5+ Kxg5 47. Kg2 Kg4 48. Kh2 Bf2 49. Kg2 Bxg3 50. Kg1 h4 51. Kh1 h3 52. Kg1 Kf3 53. Kh1 Kxe4 54. Kg1 Kf3 55. Kh1 e4 56. Kg1 e3 57. Kf1 e2+ 58. Kg1 h2+ 59. Kh1 e1=Q# 0-1

[Event "CYCC U12"]
[Site "Vancouver CAN"]
[Date "2012.07.04"]
[Round "4"]
[White "Hou, Frank Gui"]
[Black "Han, Lionel"]
[Result "0-1"]
[WhiteElo "1200"]
[BlackElo "1521"]
[PlyCount "76"]
[GameId "2160767909508730"]
[EventDate "2012.07.03"]
[EventType "swiss"]
[EventRounds "7"]
[EventCountry "CAN"]
[SourceTitle "EXT 2022"]
[Source "ChessBase"]
[SourceDate "2021.10.06"]
[SourceVersion "1"]
[SourceVersionDate "2021.10.06"]
[SourceQuality "1"]

1. e4 e5 2. Nf3 Nc6 3. Bb5 Nf6 4. Nc3 Bc5 5. Nxe5 Bxf2+ 6. Kxf2 Nxe5 7. d4 Ng6 8. Bg5 h6 9. Bd2 c6 10. Bd3 Qb6 11. Re1 Qxd4+ 12. Kf1 O-O 13. Be3 Qe5 14. Kg1 d5 15. h3 Nh4 16. Bf1 Nxe4 17. Nxe4 Qxe4 18. Bxh6 Qg6 19. Bf4 Bxh3 20. Qd3 Bxg2 21. Qxg6 Nxg6 22. Bd6 Rfd8 23. Bc7 Rd7 24. Bxg2 Rxc7 25. Rad1 Rb8 26. Re4 c5 27. Rc4 b6 28. Bh3 Re8 29. Bf5 Ne5 30. Rc3 g6 31. Bh3 f5 32. Kf2 f4 33. Rg1 Rg7 34. a3 g5 35. Bg4 Rh7 36. Rh3 Nxg4+ 37. Rxg4 Rxh3 38. Rxg5+ Kh7 0-1

[Event "CYCC U12"]
[Site "Vancouver CAN"]
[Date "2012.07.04"]
[Round "4"]
[White "Lachance, Tristan"]
[Black "Zheng, Maven"]
[Result "1/2-1/2"]
[WhiteElo "1156"]
[BlackElo "954"]
[PlyCount "62"]
[GameId "2160767909508731"]
[EventDate "2012.07.03"]
[EventType "swiss"]
[EventRounds "7"]
[EventCountry "CAN"]
[SourceTitle "EXT 2022"]
[Source "ChessBase"]
[SourceDate "2021.10.06"]
[SourceVersion "1"]
[SourceVersionDate "2021.10.06"]
[SourceQuality "1"]

1. e4 e5 2. Nf3 Nc6 3. Bb5 d6 4. d4 exd4 5. Nxd4 Bd7 6. Bxc6 bxc6 7. Nc3 Nf6 8. Bg5 h6 9. Bxf6 Qxf6 10. Qd2 d5 11. O-O-O Bd6 12. exd5 Bf4 13. Ne4 Bxd2+ 14. Rxd2 Qe5 15. Nc3 cxd5 16. Re2 Qxe2 17. Ncxe2 O-O 18. f3 Be6 19. Nxe6 fxe6 20. Nd4 e5 21. Ne6 Rfc8 22. Re1 c5 23. Rxe5 Re8 24. f4 Rac8 25. f5 Kf7 26. Rxd5 c4 27. b3 c3 28. g4 Kf6 29. h3 Rc6 30. Kd1 Ra6 31. Nc7 Re5 1/2-1/2

[Event "CYCC U12"]
[Site "Vancouver CAN"]
[Date "2012.07.04"]
[Round "4"]
[White "Lee, Nicholas"]
[Black "Lin, Alex"]
[Result "0-1"]
[WhiteElo "1750"]
[BlackElo "1204"]
[PlyCount "76"]
[GameId "2160767909508732"]
[EventDate "2012.07.03"]
[EventType "swiss"]
[EventRounds "7"]
[EventCountry "CAN"]
[SourceTitle "EXT 2022"]
[Source "ChessBase"]
[SourceDate "2021.10.06"]
[SourceVersion "1"]
[SourceVersionDate "2021.10.06"]
[SourceQuality "1"]

1. e4 e5 2. Nf3 Nc6 3. d4 exd4 4. Nxd4 Nf6 5. Nxc6 bxc6 6. e5 Qe7 7. Qe2 Nd5 8. c4 Ba6 9. b3 Qh4 10. g3 Qd4 11. Bb2 Bb4+ 12. Nd2 Qxb2 13. Qd1 Bxd2+ 14. Qxd2 Qxa1+ 15. Qd1 Qxd1+ 16. Kxd1 Nc3+ 17. Kc2 Nxa2 18. Bg2 O-O 19. Ra1 Nb4+ 20. Kc3 Rab8 21. Ra4 c5 22. f4 d6 23. h4 Rfe8 24. h5 dxe5 25. f5 Bb7 26. Bf1 a6 27. Ra5 e4 28. Rxc5 e3 29. Be2 Be4 30. Rxc7 Bd3 31. Bxd3 Nxd3 32. f6 g6 33. h6 Nc1 34. Kd4 Rbd8+ 35. Kc5 Nxb3+ 36. Kb4 e2 37. Kxb3 Rb8+ 38. Ka4 e1=Q 0-1

[Event "CYCC U12"]
[Site "Vancouver CAN"]
[Date "2012.07.04"]
[Round "4"]
[White "Lee, Stefano"]
[Black "Tjia-Gan, Nicholas"]
[Result "1-0"]
[WhiteElo "986"]
[BlackElo "870"]
[PlyCount "63"]
[GameId "2160767909508733"]
[EventDate "2012.07.03"]
[EventType "swiss"]
[EventRounds "7"]
[EventCountry "CAN"]
[SourceTitle "EXT 2022"]
[Source "ChessBase"]
[SourceDate "2021.10.06"]
[SourceVersion "1"]
[SourceVersionDate "2021.10.06"]
[SourceQuality "1"]

1. e4 Nf6 2. e5 Ng8 3. d4 d6 4. Nc3 Nc6 5. Nf3 Bg4 6. h3 Bxf3 7. Qxf3 b6 8. Bb5 Qb8 9. Bxc6+ Kd8 10. Bxa8 Kc8 11. Bc6 Kd8 12. Qxf7 Nh6 13. Bxh6 gxh6 14. O-O Bg7 15. Qxg7 Re8 16. Bxe8 Kxe8 17. Qh8+ Kd7 18. Qxb8 dxe5 19. dxe5 a5 20. Rad1+ Kc6 21. Qe8+ Kc5 22. Qxe7+ Kc4 23. Qe6+ Kc5 24. Qd7 Kb4 25. e6 a4 26. Nxa4 b5 27. e7 bxa4 28. e8=Q c5 29. Rd3 Ka5 30. Qdd8+ Ka6 31. Rd6+ Kb7 32. Qed7# 1-0

[Event "CYCC U12"]
[Site "Vancouver CAN"]
[Date "2012.07.04"]
[Round "4"]
[White "Liu, Danny"]
[Black "Hastings, Luke"]
[Result "1-0"]
[WhiteElo "1005"]
[BlackElo "896"]
[PlyCount "67"]
[GameId "2160767909508734"]
[EventDate "2012.07.03"]
[EventType "swiss"]
[EventRounds "7"]
[EventCountry "CAN"]
[SourceTitle "EXT 2022"]
[Source "ChessBase"]
[SourceDate "2021.10.06"]
[SourceVersion "1"]
[SourceVersionDate "2021.10.06"]
[SourceQuality "1"]

1. e4 e5 2. Nf3 Nc6 3. c3 Nf6 4. d4 d6 5. dxe5 Nxe4 6. exd6 cxd6 7. Bd3 Nxf2 8. Kxf2 Bg4 9. Re1+ Be7 10. Kg1 O-O 11. Be2 Bxf3 12. Bxf3 Ne5 13. Bf4 Nxf3+ 14. Qxf3 Re8 15. Nd2 h6 16. b4 b5 17. c4 bxc4 18. Nxc4 d5 19. Ne3 Bxb4 20. Red1 d4 21. Nc2 Bc5 22. Kh1 Rc8 23. Qg3 g5 24. Bd2 d3 25. Ne1 Bd4 26. Rab1 Bc3 27. Qxd3 Qxd3 28. Nxd3 Bxd2 29. Rxd2 Rf8 30. h3 f5 31. Rb7 Ra8 32. Nf2 h5 33. Rdd7 Rae8 34. Rg7+ 1-0

[Event "CYCC U12"]
[Site "Vancouver CAN"]
[Date "2012.07.04"]
[Round "4"]
[White "Olechko, Nikita"]
[Black "Xu, Jingzhi (Edwin)"]
[Result "0-1"]
[WhiteElo "566"]
[BlackElo "1317"]
[PlyCount "122"]
[GameId "2160767909508735"]
[EventDate "2012.07.03"]
[EventType "swiss"]
[EventRounds "7"]
[EventCountry "CAN"]

1. e4 e5 2. Nf3 Nc6 3. Bc4 Bc5 4. O-O Nf6 5. Nc3 d6 6. d3 Bg4 7. Bg5 h6 8. Bh4 g5 9. Bg3 Nd4 10. h3 Bh5 11. Nd5 Nxd5 12. Bxd5 c6 13. Bc4 Nxf3+ 14. gxf3 Rg8 15. c3 Qd7 16. Kg2 Bg6 17. d4 exd4 18. cxd4 Bb6 19. Qd2 Bh7 20. Rfe1 h5 21. e5 d5 22. Bd3 Bxd3 23. Qxd3 O-O-O 24. Kh2 h4 25. Bxh4 gxh4 26. b4 Rg7 27. a4 Rdg8 28. Rg1 Rxg1 29. Rxg1 Rxg1 30. Kxg1 Qxh3 31. a5 Bxd4 32. Qxd4 Qxf3 33. Qxa7 Qg4+ 34. Kf1 Qxb4 35. a6 Qb5+ 36. Kg1 Qxa6 37. Qe3 Qc4 38. Qf3 Qe4 39. Qxf7 Qxe5 40. Qg8+ Kd7 41. Qg4+ Qe6 42. Qxh4 Ke8 43. Qh8+ Ke7 44. Qb8 b5 45. Qb6 Kf6 46. Qd4+ Qe5 47. Qh4+ Qg5+ 48. Qxg5+ Kxg5 49. Kf1 Kf4 50. Ke2 b4 51. Kd3 Kf3 52. Kd4 Kxf2 53. Kd3 c5 54. Kd2 c4 55. Kc2 d4 56. Kd2 d3 57. Kc1 c3 58. Kb1 Ke2 59. Kc1 b3 60. Kb1 d2 61. Ka1 d1=R# 0-1

[Event "CYCC U12"]
[Site "Vancouver CAN"]
[Date "2012.07.04"]
[Round "4"]
[White "Rapin, Calvin"]
[Black "Katz, Matthew"]
[Result "1/2-1/2"]
[WhiteElo "847"]
[BlackElo "660"]
[PlyCount "154"]
[GameId "2160767909508736"]
[EventDate "2012.07.03"]
[EventType "swiss"]
[EventRounds "7"]
[EventCountry "CAN"]
[SourceTitle "EXT 2022"]
[Source "ChessBase"]
[SourceDate "2021.10.06"]
[SourceVersion "1"]
[SourceVersionDate "2021.10.06"]
[SourceQuality "1"]

1. e4 e5 2. Qh5 Nf6 3. Qxe5+ Qe7 4. Qxc7 Qxe4+ 5. Ne2 Na6 6. Qc3 Bb4 7. Qe3 Qxe3 8. fxe3 O-O 9. c3 Be7 10. d4 d5 11. Bd2 b5 12. Nf4 b4 13. a3 bxc3 14. Bxc3 Rb8 15. Bd3 Re8 16. O-O Bd6 17. Bd2 Rxb2 18. Bxa6 Bxa6 19. Rf2 Ng4 20. Rf3 Be2 21. Rg3 Reb8 22. Nc3 Rxd2 23. Ncxe2 Bxf4 24. Rxg4 Bxe3+ 25. Kf1 Rc8 26. g3 Rcc2 27. Rb1 Kf8 28. Rb8+ Ke7 29. Rb7+ Kd6 30. Rxf7 Rxe2 31. Rgxg7 Kc6 32. Rc7+ Kb5 33. Rb7+ Kc4 34. Rgc7+ Kd3 35. Rb3+ Kd2 36. Rxc2+ Kxc2 37. Kxe2 Kxb3 38. Kxe3 Kxa3 39. h4 a5 40. g4 a4 41. h5 Kb2 42. g5 a3 43. g6 hxg6 44. hxg6 a2 45. g7 a1=Q 46. g8=Q Qa3+ 47. Kf4 Qa5 48. Qg2+ Kb3 49. Qf3+ Kc4 50. Qe2+ Kxd4 51. Qd1+ Kc5 52. Ke5 Kc6 53. Qc2+ Qc5 54. Qg6+ Kb5 55. Qe8+ Kc4 56. Qa4+ Kd3 57. Qb3+ Ke2 58. Qb2+ Kf3 59. Qb3+ Kg4 60. Qd1+ Kh4 61. Kf4 Qf8+ 62. Ke3 Qe8+ 63. Kd4 Kg3 64. Qg1+ Kf4 65. Qh2+ Kg5 66. Qg3+ Kf6 67. Qf4+ Ke6 68. Qe5+ Kd7 69. Qxd5+ Ke7 70. Qg5+ Kd7 71. Qd5+ Kc8 72. Kc5 Qf8+ 73. Kc6 Qf6+ 74. Kc5 Qf2+ 75. Kd6 Qb6+ 76. Ke7 Qb7+ 77. Qxb7+ Kxb7 1/2-1/2

[Event "CYCC U12"]
[Site "Vancouver CAN"]
[Date "2012.07.04"]
[Round "4"]
[White "Shi, Jasper"]
[Black "Taylor, Tristan"]
[Result "0-1"]
[WhiteElo "1088"]
[BlackElo "1219"]
[PlyCount "94"]
[GameId "2160767909508737"]
[EventDate "2012.07.03"]
[EventType "swiss"]
[EventRounds "7"]
[EventCountry "CAN"]
[SourceTitle "EXT 2022"]
[Source "ChessBase"]
[SourceDate "2021.10.06"]
[SourceVersion "1"]
[SourceVersionDate "2021.10.06"]
[SourceQuality "1"]

1. e4 c5 2. Nf3 Nc6 3. d4 cxd4 4. Nxd4 g6 5. Be3 Bg7 6. Nc3 Nf6 7. Qd2 Ng4 8. Nxc6 bxc6 9. Bd4 e5 10. h3 exd4 11. hxg4 dxc3 12. bxc3 O-O 13. Rb1 Qa5 14. Qd3 Qxc3+ 15. Qxc3 Bxc3+ 16. Kd1 d5 17. exd5 cxd5 18. Rb5 Bxg4+ 19. f3 Be6 20. Rb7 Rfb8 21. Rb3 d4 22. Rxb8+ Rxb8 23. a4 Rb1+ 24. Ke2 Bc4+ 25. Kf2 Bxf1 26. Rxf1 Rxf1+ 27. Kxf1 f5 28. Ke2 Kf7 29. Kd3 a5 30. g3 Ke6 31. Ke2 g5 32. Kf2 h5 33. Ke2 Ke5 34. Kf2 h4 35. gxh4 gxh4 36. Kg2 Kf4 37. Kh3 Be1 38. Kg2 Ke3 39. f4 Kxf4 40. Kf1 Bc3 41. Kf2 h3 42. Kg1 Kg3 43. Kh1 f4 44. Kg1 f3 45. Kh1 d3 46. cxd3 f2 47. d4 f1=Q# 0-1

[Event "CYCC U12"]
[Site "Vancouver CAN"]
[Date "2012.07.04"]
[Round "4"]
[White "Tolentino, Andre Angelo"]
[Black "Wang, Edward"]
[Result "1-0"]
[WhiteElo "889"]
[BlackElo "1132"]
[PlyCount "61"]
[GameId "2160767909508738"]
[EventDate "2012.07.03"]
[EventType "swiss"]
[EventRounds "7"]
[EventCountry "CAN"]
[SourceTitle "EXT 2022"]
[Source "ChessBase"]
[SourceDate "2021.10.06"]
[SourceVersion "1"]
[SourceVersionDate "2021.10.06"]
[SourceQuality "1"]

1. e4 c6 2. d4 g6 3. Nf3 d5 4. exd5 cxd5 5. Bd3 Nc6 6. h3 Bg7 7. c3 Nf6 8. O-O O-O 9. Be3 Re8 10. Qd2 e5 11. dxe5 Nxe5 12. Nxe5 Rxe5 13. Rd1 Bf5 14. Bd4 Re8 15. Bxf5 gxf5 16. Bxf6 Bxf6 17. Qf4 Re5 18. Nd2 Qc7 19. Rf1 Rc8 20. Nf3 Re2 21. Qxf5 Bg7 22. Rab1 Qc4 23. Qg4 Re4 24. Qf5 Rc5 25. Nd2 Rf4 26. Qd7 Qxa2 27. Qd8+ Bf8 28. Qg5+ Kh8 29. Qxf4 Rb5 30. Qxf7 Rxb2 31. Qxf8# 1-0

[Event "CYCC U12"]
[Site "Vancouver CAN"]
[Date "2012.07.04"]
[Round "4"]
[White "Wu, Brenden"]
[Black "Kolobaric, Nikola"]
[Result "1-0"]
[WhiteElo "860"]
[BlackElo "990"]
[PlyCount "75"]
[GameId "2160767909508739"]
[EventDate "2012.07.03"]
[EventType "swiss"]
[EventRounds "7"]
[EventCountry "CAN"]
[SourceTitle "EXT 2022"]
[Source "ChessBase"]
[SourceDate "2021.10.06"]
[SourceVersion "1"]
[SourceVersionDate "2021.10.06"]
[SourceQuality "1"]

1. d4 d5 2. Bf4 Nf6 3. Nf3 Ne4 4. Nbd2 Bg4 5. e3 Nxd2 6. Qxd2 e6 7. Be2 Nc6 8. Bb5 Bb4 9. Bxc6+ bxc6 10. Qxb4 Rb8 11. Qc5 Qd7 12. Ne5 Qd6 13. Qxd6 cxd6 14. Nxg4 e5 15. dxe5 dxe5 16. Bxe5 Rc8 17. Bxg7 Rg8 18. Nf6+ Ke7 19. Nxg8+ Rxg8 20. Bd4 Rxg2 21. Bxa7 Rg8 22. Ke2 Ra8 23. Bc5+ Kd7 24. Rhg1 h5 25. Rg7 Rc8 26. Rxf7+ Ke6 27. Rf8 Rc7 28. a4 Kd7 29. a5 Rc8 30. Rxc8 Kxc8 31. a6 Kd7 32. a7 Ke6 33. a8=Q Ke5 34. f4+ Ke4 35. Qe8+ Kf5 36. Qe5+ Kg4 37. Qg5+ Kh3 38. Qg3# 1-0

[Event "CYCC U12"]
[Site "Vancouver CAN"]
[Date "2012.07.04"]
[Round "4"]
[White "Yoshino, Alexander"]
[Black "Liu, Ryan"]
[Result "0-1"]
[WhiteElo "770"]
[BlackElo "852"]
[PlyCount "40"]
[GameId "2160767909508740"]
[EventDate "2012.07.03"]
[EventType "swiss"]
[EventRounds "7"]
[EventCountry "CAN"]
[SourceTitle "EXT 2022"]
[Source "ChessBase"]
[SourceDate "2021.10.06"]
[SourceVersion "1"]
[SourceVersionDate "2021.10.06"]
[SourceQuality "1"]

1. e4 c6 2. Qf3 Nf6 3. g3 d5 4. exd5 Qxd5 5. Qxd5 Nxd5 6. Bg2 e5 7. Ne2 Nb4 8. O-O Nxc2 9. f4 Nxa1 10. fxe5 Bg4 11. Nf4 Bc5+ 12. Kh1 O-O 13. Re1 Nc2 14. Re4 Re8 15. h3 Bf5 16. Re2 Nd4 17. Re1 Bxb1 18. d3 Bxa2 19. Be3 Rxe5 20. Bxd4 Rxe1+ 0-1